Top 50 AFL Players 2026 - Statistics

General Stats
  • This quiz has been taken 170 times
  • The average score is 32 of 50
Answer Stats
Rank Team Position Player % Correct
2 Geelong For Jeremy Cameron
96%
34 Brisbane Mid Lachie Neale
96%
4 Gold Coast Mid Matt Rowell
96%
1 Gold Coast Mid Noah Anderson
96%
3 Adelaide Mid Jordan Dawson
95%
6 Collingwood Mid Nick Daicos
94%
26 Collingwood Mid/Def Josh Daicos
92%
7 Western Bulldogs Mid Marcus Bontempelli
92%
8 Port Adelaide Mid Zak Butters
92%
12 Melbourne Ruck Max Gawn
90%
10 Brisbane Def Harris Andrews
87%
13 Hawthorn Mid Jai Newcombe
82%
18 Brisbane Mid Will Ashcroft
82%
27 Port Adelaide Mid Connor Rozee
80%
14 St Kilda Mid/Def Nasiah Wanganeen-Milera
79%
5 Brisbane Mid Hugh McCluggage
75%
15 Adelaide For Riley Thilthorpe
75%
20 Essendon Mid Zach Merrett
75%
25 Geelong Mid Bailey Smith
73%
21 Fremantle Mid/For Caleb Serong
72%
16 Geelong Def/Mid Max Holmes
71%
23 Adelaide Mid/For Izak Rankine
68%
11 GWS Def Lachie Whitfield
68%
30 Gold Coast Mid Christian Petracca
67%
39 Western Bulldogs For Sam Darcy
66%
28 Gold Coast For Ben King
64%
19 Western Bulldogs Mid/Def Ed Richards
60%
40 Carlton Mid Patrick Cripps
60%
9 Adelaide Def Josh Worrell
58%
22 Melbourne Mid/For Kysaiah Pickett
58%
24 Western Bulldogs For Aaron Naughton
57%
17 Fremantle Def Andrew Brayshaw
56%
35 North Melbourne Ruck Tristan Xerri
56%
32 North Melbourne Mid/For Harry Sheezel
53%
37 Hawthorn Ruck Lloyd Meek
53%
42 Fremantle Def Luke Ryan
53%
43 Sydney For/Mid Isaac Heeney
46%
38 Adelaide Def Mark Keane
46%
44 Sydney Mid Chad Warner
43%
46 Sydney For Errol Gulden
37%
47 Brisbane Ruck Sam Draper
37%
48 Hawthorn Def Josh Battle
35%
33 Port Adelaide For Mitch Georgiades
35%
31 GWS Mid/Def Finn Callaghan
34%
50 Port Adelaide Mid Jason Horne-Francis
34%
49 Carlton Def Jacob Weitering
33%
41 Collingwood For/Mid Jordan De Goey
31%
29 Richmond Def Nick Vlaustin
31%
45 Fremanlte Mid/Def Luke Jackson
26%
36 Hawthorn Mid Dylan Moore
23%
No matching quizzes found
Score Distribution
Percent of People with Each Score
Percentile by Number Answered
Your Score History
You have not taken this quiz